[Event "URS Club Cup 2nd Group2"]
[Site "Podolsk"]
[Date "1990.03.??"]
[Round "3"]
[White "Timoshenko, Georgy"]
[Black "Balashov, Yuri S"]
[Result "0-1"]
[WhiteElo "2540"]
[BlackElo "2535"]
[PlyCount "78"]
[EventDate "1990.03.??"]
[EventType "team-tourn"]
[EventRounds "6"]
[EventCountry "URS"]
[SourceTitle "EXT 2020"]
[Source "ChessBase"]
[SourceDate "2019.10.17"]
[SourceVersion "1"]
[SourceVersionDate "2019.10.17"]
[SourceQuality "1"]
[WhiteTeam "Moscow Soviet Central Chess Club"]
[BlackTeam "Moscow Tigran Petrosian"]
[WhiteTeamCountry "URS"]
[BlackTeamCountry "RUS"]

1. e4 e5 2. Nf3 Nc6 3. Bb5 a6 4. Ba4 Nf6 5. O-O Be7 6. Re1 b5 7. Bb3 d6 8. c3
O-O 9. h3 Re8 10. d4 h6 11. Nbd2 Bf8 12. Bc2 g6 13. a4 Bd7 14. b3 b4 15. Bb2
bxc3 16. Bxc3 exd4 17. Nxd4 Bg7 18. Rc1 Nxd4 19. Bxd4 c5 20. Ba1 Bc6 21. Bd3
Bb7 22. Qc2 Rc8 23. Nc4 d5 24. exd5 Qxd5 25. Bf1 Rxe1 26. Rxe1 Rd8 27. Re7 Ba8
28. Ra7 Bb7 29. Na5 Bc8 30. Bc4 Qd1+ 31. Qxd1 Rxd1+ 32. Kh2 Bd7 33. Bb2 Ng4+
34. hxg4 Bxb2 35. Kg3 g5 36. Rxa6 Be5+ 37. Kf3 Rd4 38. g3 Bxg4+ 39. Ke3 Bf5 0-1

[Event "Kusadasi op"]
[Site "Kusadasi"]
[Date "1990.??.??"]
[Round "1"]
[White "Balashov, Yuri S"]
[Black "Ilic, Zoran S"]
[Result "1-0"]
[WhiteElo "2535"]
[BlackElo "2375"]
[PlyCount "55"]
[EventDate "1990.04.??"]
[EventType "swiss"]
[EventRounds "9"]
[EventCountry "TUR"]
[SourceTitle "EXT 2000"]
[Source "ChessBase"]
[SourceDate "1999.11.16"]
[SourceVersion "1"]
[SourceVersionDate "1999.11.16"]
[SourceQuality "1"]

1. e4 c5 2. Nc3 Nc6 3. g3 g6 4. Bg2 Bg7 5. d3 d6 6. f4 e5 7. Nh3 Nge7 8. O-O
O-O 9. f5 f6 10. g4 Bd7 11. Nf2 Kh8 12. Ne2 Be8 13. Ng3 d5 14. h4 dxe4 15. dxe4
Qxd1 16. Rxd1 b6 17. c3 Bf7 18. Be3 Rfd8 19. Re1 h6 20. g5 hxg5 21. hxg5 fxg5
22. Bxg5 Rd6 23. Ng4 Bf8 24. Kf2 gxf5 25. exf5 Nd5 26. Ne4 Rdd8 27. Rh1+ Kg7
28. Bh6+ 1-0

[Event "Kusadasi op"]
[Site "Kusadasi"]
[Date "1990.??.??"]
[Round "5"]
[White "Balashov, Yuri S"]
[Black "Wegner, Hannu"]
[Result "1-0"]
[WhiteElo "2535"]
[BlackElo "2385"]
[PlyCount "71"]
[EventDate "1990.04.??"]
[EventType "swiss"]
[EventRounds "9"]
[EventCountry "TUR"]
[SourceTitle "EXT 2000"]
[Source "ChessBase"]
[SourceDate "1999.11.16"]
[SourceVersion "1"]
[SourceVersionDate "1999.11.16"]
[SourceQuality "1"]

1. e4 e5 2. Nf3 Nc6 3. Bb5 a6 4. Ba4 Nf6 5. O-O Be7 6. Re1 b5 7. Bb3 O-O 8. a4
Bb7 9. d3 d6 10. c3 Nb8 11. axb5 axb5 12. Rxa8 Bxa8 13. Na3 c6 14. Nc2 Nbd7 15.
Ne3 Re8 16. Nf5 Bf8 17. h3 d5 18. Qe2 h6 19. Nh2 Kh7 20. Bc2 g6 21. Ne3 Bg7 22.
Bd2 c5 23. Neg4 Nxg4 24. Nxg4 Nf6 25. Nxf6+ Bxf6 26. Ra1 Qb6 27. b4 cxb4 28.
cxb4 Kg7 29. Bb3 Rd8 30. Be3 d4 31. Bd2 Bb7 32. f4 exf4 33. Bxf4 Bc8 34. Rf1
Rf8 35. Qf2 Bg5 36. Be5+ 1-0

[Event "Kusadasi op"]
[Site "Kusadasi"]
[Date "1990.??.??"]
[Round "8"]
[White "Mascarinas, Rico"]
[Black "Balashov, Yuri S"]
[Result "0-1"]
[WhiteElo "2470"]
[BlackElo "2535"]
[PlyCount "94"]
[EventDate "1990.04.??"]
[EventType "swiss"]
[EventRounds "9"]
[EventCountry "TUR"]
[SourceTitle "EXT 2000"]
[Source "ChessBase"]
[SourceDate "1999.11.16"]
[SourceVersion "1"]
[SourceVersionDate "1999.11.16"]
[SourceQuality "1"]

1. c4 e5 2. Nc3 Nc6 3. e3 Nf6 4. Nf3 Be7 5. d4 exd4 6. Nxd4 O-O 7. Be2 d5 8.
O-O Nxd4 9. exd4 Be6 10. c5 b6 11. Na4 c6 12. Bf4 Bf5 13. Bd3 Bxd3 14. Qxd3 Ne4
15. f3 Ng5 16. b4 Ne6 17. Be5 Bf6 18. f4 Bxe5 19. dxe5 f5 20. exf6 Qxf6 21. f5
Nf4 22. Qc2 b5 23. Nb2 Qxf5 24. Qxf5 Rxf5 25. g3 Ne2+ 26. Kg2 Rxf1 27. Kxf1 Nd4
28. Nd3 Rf8+ 29. Kg2 Re8 30. Re1 Re4 31. Kf2 Kf7 32. Re3 Kf6 33. Re1 g5 34. h3
h5 35. Re3 Kf5 36. Ne1 g4 37. h4 a6 38. a3 Nf3 39. Nd3 d4 40. Rxe4 Kxe4 41. Nf4
d3 42. Nxh5 Nd4 43. Ke1 Nc2+ 44. Kd2 Nxa3 45. Nf4 Nc4+ 46. Kc3 d2 47. Kc2 a5
0-1

[Event "Berliner Sommer 08th"]
[Site "Berlin"]
[Date "1990.??.??"]
[Round "2"]
[White "Balashov, Yuri S"]
[Black "Barsov, Alexei"]
[Result "1-0"]
[WhiteElo "2535"]
[BlackElo "2385"]
[PlyCount "89"]
[EventDate "1990.08.11"]
[EventType "swiss"]
[EventRounds "9"]
[EventCountry "GER"]
[SourceTitle "EXT 1997"]
[Source "ChessBase"]
[SourceDate "1996.11.15"]
[SourceVersion "1"]
[SourceVersionDate "1996.11.15"]
[SourceQuality "1"]

1. e4 e6 2. d3 d5 3. Nd2 c5 4. Ngf3 Nc6 5. g3 Bd6 6. Bg2 Nge7 7. O-O O-O 8. Re1
Bc7 9. c3 dxe4 10. dxe4 b6 11. Qe2 Ng6 12. Nf1 Bb7 13. Bg5 f6 14. Rad1 Qe7 15.
Bc1 Rad8 16. h4 Rxd1 17. Rxd1 Rd8 18. h5 Nge5 19. Ne1 Rxd1 20. Qxd1 Qd7 21.
Qxd7 Nxd7 22. f4 c4 23. Be3 b5 24. Bf3 Kf7 25. Nd2 Nb6 26. Bd1 e5 27. f5 Ne7
28. b3 Nec8 29. a4 bxa4 30. bxc4 Nd6 31. c5 Nbc4 32. Ng2 Nxe3 33. Nxe3 Nxe4 34.
Nxe4 Bxe4 35. Bxa4 Ba5 36. Bb3+ Ke7 37. Bd5 Bb1 38. Be6 Kd8 39. Nd5 Ba2 40. h6
gxh6 41. Nxf6 Bxe6 42. fxe6 Bxc3 43. c6 Bd4+ 44. Kf1 a5 45. c7+ 1-0

[Event "Berliner Sommer 08th"]
[Site "Berlin"]
[Date "1990.??.??"]
[Round "3"]
[White "Balashov, Yuri S"]
[Black "Van Mil, Johan"]
[Result "1-0"]
[WhiteElo "2535"]
[BlackElo "2380"]
[PlyCount "49"]
[EventDate "1990.08.11"]
[EventType "swiss"]
[EventRounds "9"]
[EventCountry "GER"]
[SourceTitle "EXT 1997"]
[Source "ChessBase"]
[SourceDate "1996.11.15"]
[SourceVersion "1"]
[SourceVersionDate "1996.11.15"]
[SourceQuality "1"]

1. e4 c5 2. Nc3 e6 3. g3 a6 4. Bg2 b5 5. d3 Bb7 6. Nh3 Nc6 7. O-O Nge7 8. Be3
Nd4 9. Nb1 Nc8 10. c3 Nc6 11. d4 cxd4 12. cxd4 Be7 13. d5 exd5 14. exd5 Nb8 15.
Nd2 O-O 16. Nb3 d6 17. Nd4 Bf6 18. Rc1 Ne7 19. Nf4 Bxd4 20. Bxd4 Nd7 21. Nh5 g6
22. Nf6+ Nxf6 23. Bxf6 Qd7 24. Qd2 Rfe8 25. Qg5 1-0

[Event "Berliner Sommer 08th"]
[Site "Berlin"]
[Date "1990.??.??"]
[Round "7"]
[White "Balashov, Yuri S"]
[Black "Mainka, Romuald"]
[Result "1-0"]
[WhiteElo "2535"]
[BlackElo "2445"]
[PlyCount "58"]
[EventDate "1990.08.11"]
[EventType "swiss"]
[EventRounds "9"]
[EventCountry "GER"]
[SourceTitle "EXT 1997"]
[Source "ChessBase"]
[SourceDate "1996.11.15"]
[SourceVersion "1"]
[SourceVersionDate "1996.11.15"]
[SourceQuality "1"]

1. Nf3 Nf6 2. g3 g6 3. Bg2 Bg7 4. O-O O-O 5. d3 c5 6. e4 Nc6 7. c3 d5 8. Nbd2
b6 9. exd5 Nxd5 10. Nc4 Qc7 11. Re1 Bb7 12. a4 a6 13. Ng5 e6 14. Ne4 Rab8 15.
Bd2 h6 16. Qe2 Kh7 17. h4 Rbd8 18. f4 Rfe8 19. h5 e5 20. hxg6+ fxg6 21. f5 gxf5
22. Qh5 fxe4 23. Bxe4+ Kg8 24. Bxd5+ Rxd5 25. Qxe8+ Kh7 26. Qe6 Qd8 27. Re4 b5
28. axb5 axb5 29. Rg4 Qd7 1-0

[Event "Belavenets Memorial op"]
[Site "Smolensk"]
[Date "1991.??.??"]
[Round "?"]
[White "Balashov, Yuri S"]
[Black "Dvoirys, Semen I"]
[Result "1-0"]
[WhiteElo "2590"]
[BlackElo "2525"]
[PlyCount "75"]
[EventDate "1991.??.??"]
[EventType "swiss"]
[EventRounds "9"]
[EventCountry "URS"]
[SourceTitle "EXT 2000"]
[Source "ChessBase"]
[SourceDate "1999.11.16"]
[SourceVersion "1"]
[SourceVersionDate "1999.11.16"]
[SourceQuality "1"]

1. e4 c5 2. Nf3 d6 3. g3 Nc6 4. Bg2 g6 5. d4 cxd4 6. Nxd4 Bg7 7. Ne2 Nf6 8.
Nbc3 O-O 9. O-O Qa5 10. h3 Qh5 11. Nd5 Nxd5 12. exd5 Na5 13. Nd4 Bxh3 14. Qxh5
gxh5 15. Bxh3 Bxd4 16. Re1 Nc4 17. Re4 Ne5 18. Kg2 Bb6 19. Bh6 Rfe8 20. Rae1 e6
21. f4 f5 22. R4e2 Ng4 23. Bxg4 hxg4 24. dxe6 Bd4 25. c3 Bf6 26. Rd1 Rac8 27.
Rd5 Rc5 28. Rxd6 Rc6 29. Rxc6 bxc6 30. Kf1 Bg7 31. Bg5 h6 32. Bh4 c5 33. Ke1 c4
34. Kd2 a5 35. b3 cxb3 36. axb3 Rc8 37. Re3 Kf8 38. Rd3 1-0

[Event "Belavenets Memorial op"]
[Site "Smolensk"]
[Date "1991.??.??"]
[Round "?"]
[White "Balashov, Yuri S"]
[Black "Shtyrenkov, Veniamen"]
[Result "1-0"]
[WhiteElo "2590"]
[BlackElo "2440"]
[PlyCount "105"]
[EventDate "1991.??.??"]
[EventType "swiss"]
[EventRounds "9"]
[EventCountry "URS"]
[SourceTitle "EXT 2000"]
[Source "ChessBase"]
[SourceDate "1999.11.16"]
[SourceVersion "1"]
[SourceVersionDate "1999.11.16"]
[SourceQuality "1"]

1. e4 e6 2. d3 d5 3. Nd2 c5 4. Ngf3 Nc6 5. g3 Bd6 6. Bg2 Nge7 7. O-O O-O 8. Re1
Qc7 9. b3 Bd7 10. Bb2 f6 11. exd5 exd5 12. c4 Nb4 13. Nf1 d4 14. a3 Nbc6 15.
N1d2 Ng6 16. b4 b6 17. b5 Na5 18. Ne4 Be7 19. Bc1 Rae8 20. h3 Qc8 21. Kh2 f5
22. Ned2 Qc7 23. Nf1 h6 24. Ra2 Bd6 25. Rae2 Rxe2 26. Rxe2 Re8 27. Rxe8+ Bxe8
28. Bd2 Nb7 29. h4 Nd8 30. h5 Ne7 31. Nh4 f4 32. Qe2 Bf7 33. Bh3 Be5 34. Ng2
fxg3+ 35. Nxg3 Kf8 36. f4 Bf6 37. Ne1 Be8 38. Ne4 Bd7 39. Bg4 Ng8 40. Kh3 Be7
41. Bxd7 Qxd7+ 42. Qg4 Qe8 43. Qg6 Nf6 44. Nxf6 Bxf6 45. Qxe8+ Kxe8 46. Kg4 Nb7
47. Nf3 Kd7 48. a4 Ke6 49. f5+ Kd7 50. Bf4 Na5 51. Ne5+ Kc8 52. Kf3 Nb3 53. Ng4
1-0

[Event "Belavenets Memorial op"]
[Site "Smolensk"]
[Date "1991.??.??"]
[Round "?"]
[White "Chudinovskih, Alexander"]
[Black "Balashov, Yuri S"]
[Result "0-1"]
[WhiteElo "2315"]
[BlackElo "2590"]
[PlyCount "94"]
[EventDate "1991.??.??"]
[EventType "swiss"]
[EventRounds "9"]
[EventCountry "URS"]
[SourceTitle "EXT 2000"]
[Source "ChessBase"]
[SourceDate "1999.11.16"]
[SourceVersion "1"]
[SourceVersionDate "1999.11.16"]
[SourceQuality "1"]

1. e4 e5 2. Nf3 Nc6 3. Bb5 a6 4. Ba4 Nf6 5. O-O Be7 6. Re1 b5 7. Bb3 d6 8. c3
O-O 9. h3 h6 10. d4 Re8 11. Nbd2 Bf8 12. Bc2 Bd7 13. b3 g6 14. Bb2 Bg7 15. d5
Ne7 16. c4 Nh5 17. c5 Nf4 18. c6 Bc8 19. a4 bxa4 20. Rxa4 Kh7 21. Nc4 Ng8 22.
Bc1 Qf6 23. Bxf4 Qxf4 24. Qd2 Qf6 25. Qe3 Qe7 26. b4 Rb8 27. Rb1 f5 28. exf5
gxf5 29. Qa7 Rb5 30. Ra5 e4 31. Nd4 Bxd4 32. Qxd4 Qf6 33. Qd2 Rb8 34. Rb3 Re7
35. f3 Qh4 36. fxe4 fxe4 37. Ra1 Rg7 38. Rf1 Bxh3 39. Rf4 Bg4 40. Bxe4+ Kh8 41.
Ne3 Re8 42. Bf3 h5 43. Rb1 Qg5 44. Nxg4 hxg4 45. Bxg4 Nf6 46. Be6 Ne4 47. Qe2
Ng3 0-1

[Event "Belavenets Memorial op"]
[Site "Smolensk"]
[Date "1991.??.??"]
[Round "?"]
[White "Zhukhovitsky, Samuel"]
[Black "Balashov, Yuri S"]
[Result "0-1"]
[WhiteElo "2390"]
[BlackElo "2590"]
[PlyCount "82"]
[EventDate "1991.??.??"]
[EventType "swiss"]
[EventRounds "9"]
[EventCountry "URS"]
[SourceTitle "EXT 2000"]
[Source "ChessBase"]
[SourceDate "1999.11.16"]
[SourceVersion "1"]
[SourceVersionDate "1999.11.16"]
[SourceQuality "1"]

1. c4 e5 2. g3 Nc6 3. Bg2 g6 4. Nc3 Bg7 5. d3 d6 6. Nf3 f5 7. Bg5 Nf6 8. Nd5 h6
9. Bxf6 Bxf6 10. Nxf6+ Qxf6 11. Nd2 O-O 12. a3 a5 13. b3 f4 14. O-O Bf5 15. Ne4
Qf7 16. e3 g5 17. Qd2 Qh5 18. f3 Be6 19. Nc3 Rf7 20. Rab1 Raf8 21. Ne2 Qg6 22.
d4 Bf5 23. Rb2 Bd3 24. dxe5 Nxe5 25. exf4 Bxe2 26. f5 Rxf5 27. Qxe2 Qf6 28.
Rbb1 Nxf3+ 29. Kh1 b6 30. Rbd1 g4 31. Qd3 Kg7 32. Rf2 Ne5 33. Rxf5 Qxf5 34. Qc3
Qf2 35. b4 axb4 36. axb4 Qe2 37. Re1 Qd3 38. Rc1 Rf2 39. Qxd3 Nxd3 40. Rb1 Rc2
41. Bd5 Ne5 0-1

[Event "Katowice op"]
[Site "Katowice"]
[Date "1991.??.??"]
[Round "5"]
[White "Balashov, Yuri S"]
[Black "Zilberstein, Valery I"]
[Result "1-0"]
[WhiteElo "2580"]
[BlackElo "2370"]
[PlyCount "76"]
[EventDate "1991.??.??"]
[EventType "swiss"]
[EventRounds "11"]
[EventCountry "POL"]
[SourceTitle "EXT 1997"]
[Source "ChessBase"]
[SourceDate "1996.11.15"]
[SourceVersion "1"]
[SourceVersionDate "1996.11.15"]
[SourceQuality "1"]

1. e4 c5 2. Nf3 d6 3. g3 Nc6 4. Bg2 Nf6 5. d3 g6 6. O-O Bg7 7. c3 O-O 8. Re1 e5
9. a3 Ne8 10. b4 Nc7 11. Nbd2 Be6 12. Rb1 b6 13. Nf1 Rc8 14. b5 Na5 15. c4 Bd7
16. Bg5 f6 17. Bd2 Nb7 18. h4 Qe7 19. h5 Nd8 20. Nh4 Kf7 21. f4 f5 22. hxg6+
hxg6 23. exf5 Bxf5 24. fxe5 Bxe5 25. Nxf5 gxf5 26. Qh5+ Ke6 27. Ne3 Qf7 28.
Nxf5 Qxh5 29. Ng7+ Ke7 30. Nxh5 Nde6 31. Rf1 Rg8 32. Rf3 Nd4 33. Rf2 Nce6 34.
Rbf1 Rcf8 35. Rxf8 Nxf8 36. Bd5 Nfe6 37. Kg2 Rg6 38. Kh3 Ng5+ 1-0

[Event "Katowice op"]
[Site "Katowice"]
[Date "1991.??.??"]
[Round "9"]
[White "Balashov, Yuri S"]
[Black "Solozhenkin, Evgeniy"]
[Result "1-0"]
[WhiteElo "2580"]
[BlackElo "2415"]
[PlyCount "101"]
[EventDate "1991.??.??"]
[EventType "swiss"]
[EventRounds "11"]
[EventCountry "POL"]
[SourceTitle "EXT 1997"]
[Source "ChessBase"]
[SourceDate "1996.11.15"]
[SourceVersion "1"]
[SourceVersionDate "1996.11.15"]
[SourceQuality "1"]

1. e4 e5 2. Nf3 Nc6 3. Bb5 a6 4. Ba4 Nf6 5. O-O Be7 6. Re1 b5 7. Bb3 O-O 8. a4
Bb7 9. d3 d6 10. c3 Na5 11. Ba2 c5 12. Na3 Qd7 13. axb5 axb5 14. Bd2 c4 15. Bg5
Rfc8 16. dxc4 Nxc4 17. Bxc4 bxc4 18. Nxe5 Qe6 19. Bxf6 Bxf6 20. Nf3 Bxe4 21.
Nd2 d5 22. Naxc4 Rxa1 23. Qxa1 dxc4 24. Rxe4 Qd5 25. Qe1 g6 26. Re8+ Rxe8 27.
Qxe8+ Kg7 28. Qe2 Qf5 29. Nxc4 Qb1+ 30. Qf1 Qc2 31. g3 h5 32. h4 g5 33. hxg5
Bxg5 34. Qe1 h4 35. gxh4 Bxh4 36. Ne3 Qg6+ 37. Kf1 Bg5 38. Ng4 Qd3+ 39. Kg2
Qd5+ 40. f3 Qb7 41. Qe5+ f6 42. Qe2 Kf8 43. Qc2 Qd7 44. c4 f5 45. Nf2 Bf6 46.
b4 Ke8 47. c5 Qd5 48. Qd3 Bd4 49. Kf1 Kd8 50. Nd1 Qe5 51. Nc3 1-0

[Event "Lenk op"]
[Site "Lenk"]
[Date "1991.??.??"]
[Round "2"]
[White "Summermatter, Daniel"]
[Black "Balashov, Yuri S"]
[Result "0-1"]
[WhiteElo "2320"]
[BlackElo "2580"]
[PlyCount "82"]
[EventDate "1991.??.??"]
[EventType "swiss"]
[EventRounds "9"]
[EventCountry "SUI"]
[SourceTitle "TD"]
[Source "ChessBase"]
[SourceDate "1994.03.01"]
[SourceVersion "1"]
[SourceVersionDate "1994.03.01"]
[SourceQuality "1"]

1. d4 Nf6 2. c4 e6 3. g3 d5 4. Nf3 c5 5. cxd5 exd5 6. Bg2 Nc6 7. O-O Be7 8. Nc3
O-O 9. Bg5 c4 10. Ne5 Be6 11. f4 Ng4 12. Bxe7 Nxe7 13. Qd2 Nxe5 14. fxe5 Qd7
15. Rf2 b5 16. e3 b4 17. Ne2 a5 18. Nf4 Rac8 19. Raf1 Ng6 20. e4 dxe4 21. Bxe4
c3 22. bxc3 bxc3 23. Qe3 Nxf4 24. Rxf4 Rfd8 25. Rh4 h6 26. Bc2 Rc4 27. Qe4
Qxd4+ 28. Qxd4 Rcxd4 29. Rxd4 Rxd4 30. Rf3 Rc4 31. a3 Rc5 32. Kf2 g5 33. h4 g4
34. Re3 a4 35. Ke1 Bb3 36. Kd1 h5 37. Kc1 Kf8 38. Re4 Ke7 39. Re1 Ke6 40. Re3
Bxc2 41. Kxc2 Kf5 0-1

[Event "Miedzybrodzie op"]
[Site "Miedzybrodzie"]
[Date "1991.??.??"]
[Round "1"]
[White "Balashov, Yuri S"]
[Black "Maciejewski, Miroslaw"]
[Result "1-0"]
[WhiteElo "2580"]
[BlackElo "2300"]
[PlyCount "37"]
[EventDate "1991.??.??"]
[EventType "swiss"]
[EventRounds "11"]
[EventCountry "POL"]
[SourceTitle "TD"]
[Source "ChessBase"]
[SourceDate "1994.03.01"]
[SourceVersion "1"]
[SourceVersionDate "1994.03.01"]
[SourceQuality "1"]

1. e4 e5 2. Nf3 Nf6 3. Nxe5 d6 4. Nf3 Nxe4 5. c4 c6 6. Nc3 Bf5 7. Bd3 Nxc3 8.
dxc3 Bxd3 9. Qxd3 Be7 10. O-O O-O 11. Nd4 d5 12. Nf5 dxc4 13. Qg3 Bf6 14. Bh6
g6 15. Rad1 Qa5 16. Qd6 Nd7 17. Ne7+ Bxe7 18. Qxe7 Nc5 19. Rd6 1-0

[Event "Miedzybrodzie op"]
[Site "Miedzybrodzie"]
[Date "1991.??.??"]
[Round "3"]
[White "Balashov, Yuri S"]
[Black "Yandemirov, Valeri"]
[Result "1-0"]
[WhiteElo "2580"]
[BlackElo "2415"]
[PlyCount "69"]
[EventDate "1991.??.??"]
[EventType "swiss"]
[EventRounds "11"]
[EventCountry "POL"]
[SourceTitle "TD"]
[Source "ChessBase"]
[SourceDate "1994.03.01"]
[SourceVersion "1"]
[SourceVersionDate "1994.03.01"]
[SourceQuality "1"]

1. Nf3 Nf6 2. g3 g6 3. Bg2 Bg7 4. O-O O-O 5. d3 d5 6. Nbd2 Nbd7 7. e4 dxe4 8.
dxe4 e5 9. Qe2 Qe7 10. b3 b6 11. a4 Rd8 12. a5 Bb7 13. Ba3 Qe8 14. b4 Nb8 15.
axb6 axb6 16. Bb2 Nbd7 17. Qc4 Rab8 18. Ra7 Qe7 19. Re1 Ne8 20. Qb3 Nd6 21. Nc4
Ra8 22. Rxa8 Bxa8 23. Nxd6 Qxd6 24. Bf1 Qe7 25. Bc4 Bb7 26. Rd1 Bf6 27. Bd3 Nf8
28. Ra1 Bc8 29. Kg2 Ne6 30. Ra7 Qd7 31. Bxe5 Ng5 32. Nxg5 Bxe5 33. Nxf7 Qh3+
34. Kg1 Be6 35. Ng5 1-0

[Event "Miedzybrodzie op"]
[Site "Miedzybrodzie"]
[Date "1991.??.??"]
[Round "7"]
[White "Balashov, Yuri S"]
[Black "Yuneev, Alexey"]
[Result "1-0"]
[WhiteElo "2580"]
[BlackElo "2395"]
[PlyCount "87"]
[EventDate "1991.??.??"]
[EventType "swiss"]
[EventRounds "11"]
[EventCountry "POL"]
[SourceTitle "TD"]
[Source "ChessBase"]
[SourceDate "1994.03.01"]
[SourceVersion "1"]
[SourceVersionDate "1994.03.01"]
[SourceQuality "1"]

1. d4 Nf6 2. Nf3 g6 3. Bf4 Bg7 4. e3 O-O 5. Be2 d6 6. h3 b6 7. O-O Bb7 8. c4
Nbd7 9. Nc3 Ne4 10. a4 e5 11. Bh2 Nxc3 12. bxc3 a5 13. Nd2 Qe7 14. Bf3 e4 15.
Be2 Kh8 16. Qb3 Rac8 17. Rae1 f5 18. f4 Bh6 19. Rf2 g5 20. c5 dxc5 21. Bc4 Rf6
22. Nf1 cxd4 23. cxd4 c5 24. d5 gxf4 25. exf4 Bg7 26. Ne3 Rff8 27. Bg3 Bd4 28.
Rd2 Qd6 29. Kh1 Qg6 30. Bh4 Rce8 31. Bb5 Rf7 32. d6 Rg7 33. Bxd7 Rxd7 34. Qxb6
Bc3 35. Red1 Bxd2 36. Rxd2 Re6 37. Qxc5 Kg8 38. Nxf5 e3 39. Nxe3 Rexd6 40. f5
Qh6 41. Rxd6 Qxd6 42. Qb5 Qd3 43. Qe5 Qd6 44. Qe8+ 1-0

[Event "Miedzybrodzie op"]
[Site "Miedzybrodzie"]
[Date "1991.??.??"]
[Round "9"]
[White "Balashov, Yuri S"]
[Black "Petelin, Andrey"]
[Result "1-0"]
[WhiteElo "2580"]
[BlackElo "2365"]
[PlyCount "79"]
[EventDate "1991.??.??"]
[EventType "swiss"]
[EventRounds "11"]
[EventCountry "POL"]
[SourceTitle "TD"]
[Source "ChessBase"]
[SourceDate "1994.03.01"]
[SourceVersion "1"]
[SourceVersionDate "1994.03.01"]
[SourceQuality "1"]

1. Nf3 f5 2. d4 Nf6 3. c4 g6 4. Nc3 Bg7 5. Bf4 O-O 6. e3 d6 7. h4 e6 8. Qc2 Nc6
9. O-O-O Qe7 10. a3 h6 11. d5 Nd8 12. dxe6 Nxe6 13. Nd5 Qf7 14. Nd4 Bd7 15. Be2
Ne4 16. Nxe6 Bxe6 17. Rhf1 c6 18. f3 cxd5 19. fxe4 dxe4 20. Rxd6 Rac8 21. Kb1
b5 22. c5 Bb3 23. Qc1 Kh7 24. c6 Ba2+ 25. Ka1 Qb3 26. Rd7 Rf7 27. Rxf7 Qxf7 28.
Rd1 b4 29. axb4 Bd5 30. c7 Qd7 31. Rxd5 Qxd5 32. Ba6 Qb3 33. Bxc8 Bxb2+ 34.
Qxb2 Qd1+ 35. Qb1 Qa4+ 36. Qa2 Qd1+ 37. Kb2 Qd2+ 38. Kb3 Qd3+ 39. Ka4 Qd1+ 40.
Ka5 1-0

[Event "URS-chT Republics 19th final A"]
[Site "Azov"]
[Date "1991.??.??"]
[Round "1"]
[White "Kovalev, Andrei"]
[Black "Balashov, Yuri S"]
[Result "0-1"]
[WhiteElo "2550"]
[BlackElo "2590"]
[PlyCount "114"]
[EventDate "1991.??.??"]
[EventType "team-tourn"]
[EventRounds "3"]
[EventCountry "URS"]
[SourceTitle "EXT 2020"]
[Source "ChessBase"]
[SourceDate "2019.10.17"]
[SourceVersion "1"]
[SourceVersionDate "2019.10.17"]
[SourceQuality "1"]
[WhiteTeam "Belarus"]
[BlackTeam "Moscow"]
[WhiteTeamCountry "BLR"]
[BlackTeamCountry "URS"]

1. e4 e5 2. Nf3 Nc6 3. Bb5 a6 4. Ba4 Nf6 5. O-O Be7 6. Re1 b5 7. Bb3 d6 8. c3
O-O 9. h3 Re8 10. d4 Bb7 11. Nbd2 Bf8 12. a4 h6 13. d5 Na5 14. Ba2 c6 15. b4
Nc4 16. Nxc4 bxc4 17. Bxc4 cxd5 18. Bxd5 Nxd5 19. exd5 e4 20. Nd2 Rc8 21. Qb3
Qc7 22. Bb2 f5 23. Nf1 Be7 24. Ne3 f4 25. Nf5 Bf6 26. Rad1 Re5 27. Nxd6 Qxd6
28. c4 e3 29. Bxe5 Qxe5 30. fxe3 f3 31. e4 f2+ 32. Kxf2 Qh2 33. Qg3 Qxg3+ 34.
Kxg3 Rxc4 35. Rb1 Rc3+ 36. Kh2 Be5+ 37. Kh1 Rc4 38. a5 h5 39. h4 Kf7 40. Re3
Bc8 41. g4 hxg4 42. b5 axb5 43. Rxb5 Rc1+ 44. Kg2 Rc2+ 45. Kh1 g3 46. Rbb3 Rh2+
47. Kg1 Bd4 48. Rbd3 Ba7 49. Rc3 Kg6 50. Kf1 Ba6+ 51. Ke1 Bxe3 52. Rxe3 Rh1+
53. Kd2 Rh3 54. Re1 g2 55. Rg1 Bf1 56. a6 Ra3 57. a7 Kf6 0-1

[Event "Dortmund op"]
[Site "Dortmund"]
[Date "1991.??.??"]
[Round "6"]
[White "Demeter, Istvan"]
[Black "Balashov, Yuri S"]
[Result "0-1"]
[WhiteElo "2300"]
[BlackElo "2580"]
[PlyCount "98"]
[EventDate "1991.03.23"]
[EventType "swiss"]
[EventRounds "9"]
[EventCountry "GER"]
[SourceTitle "TD"]
[Source "ChessBase"]
[SourceDate "1994.03.01"]
[SourceVersion "1"]
[SourceVersionDate "1994.03.01"]
[SourceQuality "1"]

1. e4 e5 2. Nf3 Nc6 3. Bb5 a6 4. Ba4 Nf6 5. O-O Be7 6. Bxc6 dxc6 7. Qe1 Nd7 8.
d3 O-O 9. Nbd2 Re8 10. Nc4 Bf6 11. a4 Nf8 12. b3 Ng6 13. Kh1 Bg4 14. Ng1 b6 15.
Bb2 h6 16. h3 Bd7 17. Ne2 Be6 18. Kh2 Qe7 19. Ne3 Nf4 20. Ng1 Qd7 21. Qd1 g6
22. Qf3 Bg7 23. Rfe1 Rad8 24. Rad1 c5 25. Ng4 Qd6 26. g3 Bxg4 27. Qxg4 h5 28.
Qf3 Ne6 29. Qe3 Nd4 30. Bxd4 cxd4 31. Qe2 Bh6 32. Nf3 Kg7 33. Kg2 Re6 34. Nd2
Qc5 35. Nf3 Rc6 36. Rb1 Re8 37. Rb2 Qa3 38. Reb1 Bc1 39. Rxc1 Qxb2 40. Qd2 Qc3
41. Qe2 b5 42. axb5 axb5 43. g4 hxg4 44. hxg4 Qc5 45. Qd2 Rh8 46. Kg3 Qe7 47.
Ra1 Rf6 48. c3 Rf4 49. cxd4 Rxg4+ 0-1

[Event "Dortmund op"]
[Site "Dortmund"]
[Date "1991.??.??"]
[Round "7"]
[White "Balashov, Yuri S"]
[Black "Schoen, Wolfram"]
[Result "1-0"]
[WhiteElo "2580"]
[BlackElo "2390"]
[PlyCount "113"]
[EventDate "1991.03.23"]
[EventType "swiss"]
[EventRounds "9"]
[EventCountry "GER"]
[SourceTitle "TD"]
[Source "ChessBase"]
[SourceDate "1994.03.01"]
[SourceVersion "1"]
[SourceVersionDate "1994.03.01"]
[SourceQuality "1"]

1. Nf3 Nf6 2. g3 g6 3. Bg2 Bg7 4. O-O O-O 5. d3 d5 6. Nbd2 Nc6 7. e4 e5 8. c3
a5 9. Qc2 h6 10. b3 Re8 11. Bb2 Bg4 12. a3 Qd7 13. b4 dxe4 14. dxe4 Qe6 15.
Rfe1 Nd7 16. Nf1 Nb6 17. N3d2 Bh3 18. Ne3 Bxg2 19. Kxg2 a4 20. Rad1 Red8 21. c4
Rd7 22. Nd5 Nc8 23. Nf3 Nb8 24. h4 c6 25. Ne3 b6 26. Rxd7 Nxd7 27. Rd1 Ra7 28.
h5 Nd6 29. c5 bxc5 30. bxc5 Nb7 31. hxg6 fxg6 32. Nc4 Nbxc5 33. Ncxe5 Nxe5 34.
Qxc5 Qe7 35. Rd8+ Kh7 36. Qxe7 Rxe7 37. Bxe5 Bxe5 38. Nxe5 Rxe5 39. Rd4 Ra5 40.
Rd7+ Kg8 41. Rd6 Re5 42. Rxg6+ Kh7 43. Rxc6 Rxe4 44. Kf3 Rd4 45. Ke3 Rg4 46.
Kd3 Rg7 47. Rc4 Rf7 48. Ke3 Re7+ 49. Re4 Ra7 50. g4 Kg6 51. f4 Kf6 52. Rb4 Ra6
53. Kf3 Kg6 54. Kg3 Kf6 55. Kh4 Kg6 56. Re4 Ra5 57. f5+ 1-0